Concentración de polielectrolitos de semillas de moringa oleifera (Marango), y su utilización en ensayos de floculación.

Estudio concerniente a la concentración de polielectrólitos de semillas de Moringa Oleífera, mediante un modelo de ultrafiltración de flujo cruzado a escala de laboratorio, con un tanque de alimentación 28 lt de capacidad; siendo utilizado únicamente el 35.71% de esa propiedad. Contiene Ultraf...

Full description

Bibliographic Details
Main Author: Miranda Sánchez, Oscar Ramón
Other Authors: Tutor: Foild, Gabriele
Format: Tesis Section = Libro
Language:Undetermined
Spanish
Published: Managua UNI 1997
Subjects:
LEADER 01332nam a2200253Ia 4500
008 240830s9999 xx 000 0 und d
040 |a CEDOC DACA-RUSB / Mon 541.2254 M672 
041 |a spa 
082 |a Mon 541.2254 M672 
100 1 |a Miranda Sánchez, Oscar Ramón 
245 1 0 |a Concentración de polielectrolitos de semillas de moringa oleifera (Marango), y su utilización en ensayos de floculación. 
260 |a Managua  |b UNI  |c 1997 
300 |a 99 h. :il 
502 |a Tesis (Ingeniero Químico) -UNI, 1997. 
520 3 |a Estudio concerniente a la concentración de polielectrólitos de semillas de Moringa Oleífera, mediante un modelo de ultrafiltración de flujo cruzado a escala de laboratorio, con un tanque de alimentación 28 lt de capacidad; siendo utilizado únicamente el 35.71% de esa propiedad. Contiene Ultrafiltración, Filtración de flujo cruzado (FFC), Estado Coloidal, Las algas, Coagulación, floculación, sedimentación, coagulación - floculación con sulfato de aluminio, seleccionado floculante polimérico p 
650 7 |a POLIMEROS 
650 7 |b  SEMILLA-MORINGA. 
650 7 |c  SEDIMENTACION Y CUAGULACION. 
650 7 |d  FLOCULACIONULTRAFILTRACION. 
650 7 |e  TRATAMIENTO DE AGUAS 
700 1 |a Tutor:  |b Foild, Gabriele 
942 |c BK  |2 ddc 
991 |a TESIS 
999 |c 26177